Effects of breathing exercises on pulmonary function pre and post abdominal operations / (رقم التسجيلة. 180295)

تفاصيل مارك
000 -LEADER
fixed length control field 01477namaa22003491i 4500
005 - أخر تعامل مع التسجيلة
control field 20260524142827.0
008 - FIXED-LENGTH DATA ELEMENTS--GENERAL INFORMATION
fixed length control field 260524s1995 ua aoc|frm||| 00| 0 eng d
040 ## - CATALOGING SOURCE
Original cataloguing agency EG-GICUC
Language of cataloging eng
Transcribing agency EG-GICUC
Modifying agency EG-GICUC
Description conventions rda
041 0# - LANGUAGE CODE
Language code of text/sound track or separate title eng
Language code of summary or abstract eng
-- ara
049 ## - Acquisition Source
Acquisition Source Deposit
097 ## - Degree
Degree Ph.D
099 ## - LOCAL FREE-TEXT CALL NUMBER (OCLC)
Local Call Number Cai01.21.02.Ph.D.1995.Bo.E
100 0# - MAIN ENTRY--PERSONAL NAME
Authority record control number or standard number Bothaina Hosny Youness
Preparation preparation.
245 10 - TITLE STATEMENT
Title Effects of breathing exercises on pulmonary function pre and post abdominal operations /
Statement of responsibility, etc. By Bothaina Hosny Youness ; Supervised By Dr. Nagwa Mohamed Badr, Dr. Adel Wadi Falasteen.
246 15 - VARYING FORM OF TITLE
Title proper/short title تأثير تمرينات التنفس على وظائف الرئة قبل و بعد عمليات البطن المختلفة
264 #0 - PRODUCTION, PUBLICATION, DISTRIBUTION, MANUFACTURE, AND COPYRIGHT NOTICE
Date of production, publication, distribution, manufacture, or copyright notice 1995.
300 ## - PHYSICAL DESCRIPTION
Extent 245 pages :
Other physical details illustrations ;
Dimensions 30 cm. +
336 ## - CONTENT TYPE
Source rda content
Content type term text
337 ## - MEDIA TYPE
Source rdamedia
Media type term Unmediated
338 ## - CARRIER TYPE
Source rdacarrier
Carrier type term volume
502 ## - DISSERTATION NOTE
Dissertation note Thesis (Ph.D)-Cairo University, 1995.
504 ## - BIBLIOGRAPHY, ETC. NOTE
Bibliography, etc. note Bibliography: pages 226-245
653 #0 - INDEX TERM--UNCONTROLLED
Uncontrolled term physical therapy
653 #0 - INDEX TERM--UNCONTROLLED
Uncontrolled term cardiopulmonary
653 #0 - INDEX TERM--UNCONTROLLED
Uncontrolled term abdominal operations
653 #0 - INDEX TERM--UNCONTROLLED
Uncontrolled term breathing exercises
700 0# - ADDED ENTRY--PERSONAL NAME
Personal name Dr. Nagwa Mohamed Badr.
Relator term thesis advisor.
700 0# - ADDED ENTRY--PERSONAL NAME
Personal name Dr. Adel Wadi Falasteen.
Relator term thesis advisor.
900 ## - Thesis Information
Department Department of cardiopulmonary
Faculties Faculty of physical therapy
Universities Cairo University
Grant date 1995.
Supervisory body Dr. Nagwa Mohamed Badr.
-- Dr. Adel Wadi Falasteen.
Discussion body Dr. Nagwa Mohamed Badr.
905 ## - Cataloger and Reviser Names
Cataloger Name Nermeen_Ahmed
942 ## - ADDED ENTRY ELEMENTS (KOHA)
Source of classification or shelving scheme Dewey Decimal Classification
Koha item type Thesis
Edition 21
Suppress in OPAC No
المقتنيات
Source of classification or shelving scheme Home library Current library Date acquired Inventory number Full call number Barcode Date last seen Effective from Koha item type
Dewey Decimal Classification المكتبة المركزبة الجديدة - جامعة القاهرة مكتبة المئوية 24.05.2026 26368 Cai01.21.02.Ph.D.1995.Bo.E 01010110026368000 24.05.2026 24.05.2026 Thesis
Cairo University Libraries Portal Implemented & Customized by: Eng. M. Mohamady Contacts: new-lib@cl.cu.edu.eg | cnul@cl.cu.edu.eg
CUCL logo CNUL logo
© All rights reserved — Cairo University Libraries
CUCL logo
Implemented & Customized by: Eng. M. Mohamady Contact: new-lib@cl.cu.edu.eg © All rights reserved — New Central Library
CNUL logo
Implemented & Customized by: Eng. M. Mohamady Contact: cnul@cl.cu.edu.eg © All rights reserved — Cairo National University Library